000 00862 a2200169 4500
003 Nust
005 20221125113443.0
040 _cNust
082 _a519.9434,LEW
100 _aLewis, William Edwin
_9103589
245 _aThe application of matrix theory to electrical engineering /
_cLewis, William Edwin, 1923- [from old catalog]
260 _aLondon,
_bScience paperbacks
_c1965 [i. e. 1966]
300 _a195:p
505 _aThe Elementary Properties of Matrices (Page-1), Elementary Applications (Page-46), Further Properties Matrices (Page-66), Transformations (Page-95), Nodal Voltage Equations (Page-113), Symmetrical Components (Page-120), Four Terminal Networks (Page-141), Four Terminal Network Theory and Applications (Page-166), Introductions to Rotating Machines (Page-185).
650 _aelectrical engineering
942 _2ddc
_cBK
_k519.9434,LEW
999 _c181292
_d181292